Systémy podpory vývozu uplatňované v zahraničí /

Hlavní autor: Böhm, Arnošt, 1948-
Korporativní autor: Národní informační středisko pro poradenství
Další autoři: Procházka, Jindřich
Jazyk: Čeština
Vydáno: Praha : Národní informační středisko České republiky, 1993
Edice: SAS
Témata:
Fyzický popis: 68 s. ; 21 cm
Knihy
Uloženo v:
LEADER 00915nam a2200253 a 4500
001 000060061
003 CZ BrMZK
005 20031029153316.0
008 010907s1993 xr f cze d
040 |a BOA001  |b cze 
080 |a 339.564(100)  |2 MRF 
100 1 |a Böhm, Arnošt,  |d 1948-  |7 jn20001227513  |4 aut 
245 1 0 |a Systémy podpory vývozu uplatňované v zahraničí /  |c Arnošt Böhm, Jindřich Procházka. 
260 |a Praha :  |b Národní informační středisko České republiky,  |c 1993 
300 |a 68 s. ;  |c 21 cm 
490 1 |a SAS ;  |v 3055 
500 |a Bibliogr. 
653 0 |a zahraniční vývoz 
700 1 |a Procházka, Jindřich  |7 jn20001227514  |4 aut 
710 2 |a Národní informační středisko pro poradenství  |7 kn20030609005 
830 0 |a SAS 
910 |a BOA001  |b TK-0258.253 
990 |a BK 
996 7 |b 2620002903  |c TK-0258.253  |l MZK  |r Sklad / do 24 hodin  |n 2  |p kup  |w 000060061  |u 000010  |a 1  |e BOA001  |j MZK50  |s A